[Event "Olimpiada Dresden 2008 Femenina"]
[Site "Dresden GER"]
[Date "2008.11.16"]
[Round "4.40"]
[White "Matoussi, Amina"]
[Black "Saleh, Nora Mohd"]
[Result "1/2-1/2"]
[WhiteElo "1761"]
[BlackElo "1876"]
[PlyCount "57"]
[EventDate "2008.11.13"]
[EventType "team-tourn"]
[EventRounds "11"]
[EventCountry "GER"]
[Source "lmi"]
[SourceDate "2008.11.13"]
[WhiteTeam "Túnez"]
[BlackTeam "Emiratos Arabes Unidos"]
[WhiteTeamCountry "TUN"]
[BlackTeamCountry "UAE"]

1. e4 c5 2. c3 e6 3. d4 cxd4 4. cxd4 Nf6 5. Nc3 d6 6. Nf3 Be7 7. Bb5+ Bd7 8.
Qe2 a6 9. Bxd7+ Qxd7 10. d5 e5 11. O-O O-O 12. Be3 b5 13. Qc2 Rc8 14. Qb3 a5
15. Nd2 b4 16. Na4 Bd8 17. Nc4 Rxc4 18. Qxc4 Qxa4 19. Qc8 Qd7 20. Rfc1 Kf8 21.
Bb6 Ke7 22. Bxd8+ Qxd8 23. Qb7+ Nbd7 24. Rc7 Rb8 25. Qa7 Ra8 26. Qb7 Rb8 27.
Qa7 Ra8 28. Qb7 Rb8 29. Qc6 1/2-1/2

[Event "Olimpiada Dresden 2008 Femenina"]
[Site "Dresden GER"]
[Date "2008.11.16"]
[Round "4.41"]
[White "Maroroa, Sue"]
[Black "Perez, Eneida"]
[Result "0-1"]
[WhiteElo "1938"]
[BlackElo "2097"]
[PlyCount "65"]
[EventDate "2008.11.13"]
[EventType "team-tourn"]
[EventRounds "11"]
[EventCountry "GER"]
[Source "lmi"]
[SourceDate "2008.11.13"]
[WhiteTeam "Nueva Zelanda"]
[BlackTeam "República Dominicana"]
[WhiteTeamCountry "NZL"]
[BlackTeamCountry "DOM"]

1. e4 c5 2. Nf3 e6 3. d4 cxd4 4. Nxd4 a6 5. Bd3 Bc5 6. Nb3 Ba7 7. Qg4 Nf6 8.
Qg3 d6 9. Nc3 Nc6 10. O-O Ne5 11. Be2 h5 12. Bg5 b5 13. a3 Bb7 14. Bh4 Ng6 15.
Bg5 h4 16. Qh3 Qc7 17. Rad1 Rd8 18. Rfe1 Ne5 19. Nd4 Rd7 20. Kh1 Bc5 21. b4
Bxd4 22. Rxd4 Nc6 23. Rdd1 Kf8 24. f4 Ne7 25. Rd4 e5 26. fxe5 dxe5 27. Rxd7
Nxd7 28. Rd1 Nf6 29. Bxf6 gxf6 30. Bg4 Qc4 31. Bf5 Nxf5 32. Qxf5 Bc8 33. Qxf6
0-1

[Event "Olimpiada Dresden 2008 Femenina"]
[Site "Dresden GER"]
[Date "2008.11.16"]
[Round "4.41"]
[White "De la Cruz, Mercedes"]
[Black "Gao, Judy"]
[Result "0-1"]
[WhiteElo "2045"]
[BlackElo "1896"]
[PlyCount "84"]
[EventDate "2008.11.13"]
[EventType "team-tourn"]
[EventRounds "11"]
[EventCountry "GER"]
[Source "lmi"]
[SourceDate "2008.11.13"]
[WhiteTeam "República Dominicana"]
[BlackTeam "Nueva Zelanda"]
[WhiteTeamCountry "DOM"]
[BlackTeamCountry "NZL"]

1. e4 c6 2. d3 d5 3. Nd2 e5 4. g3 Nf6 5. Bg2 Bd6 6. Ngf3 Nbd7 7. O-O O-O 8. Qe2
Re8 9. Re1 b6 10. c3 Bb7 11. Qd1 Nc5 12. Qc2 Ba6 13. c4 dxe4 14. dxe4 Qc7 15.
Nb3 h6 16. Nxc5 Bxc5 17. Be3 Nd7 18. Bh3 Bxe3 19. Rxe3 Rad8 20. Bxd7 Qxd7 21.
Qc3 f6 22. Rc1 c5 23. a3 Re6 24. b4 Rd6 25. bxc5 bxc5 26. Qa5 Qc6 27. Kg2 Qb6
28. Qc3 R8d7 29. Nh4 Rd4 30. Qe1 Rxc4 31. Rxc4 Bxc4 32. Rc3 Bd3 33. f3 c4 34.
Nf5 Qb2+ 35. Kg1 Rb7 36. Rc1 Rb3 37. Rd1 Rxa3 38. Qd2 Qxd2 39. Rxd2 c3 40. Rxd3
c2 41. Rd8+ Kh7 42. Rc8 Ra1+ 0-1

[Event "Olimpiada Dresden 2008 Femenina"]
[Site "Dresden GER"]
[Date "2008.11.16"]
[Round "4.41"]
[White "Smith, Vivian J"]
[Black "Jose Polanco, Kenia"]
[Result "1-0"]
[WhiteElo "1858"]
[BlackElo "2028"]
[PlyCount "51"]
[EventDate "2008.11.13"]
[EventType "team-tourn"]
[EventRounds "11"]
[EventCountry "GER"]
[Source "lmi"]
[SourceDate "2008.11.13"]
[WhiteTeam "Nueva Zelanda"]
[BlackTeam "República Dominicana"]
[WhiteTeamCountry "NZL"]
[BlackTeamCountry "DOM"]

1. e4 e6 2. d3 d5 3. Nd2 Bc5 4. Ngf3 Ne7 5. g3 O-O 6. Bg2 Nd7 7. O-O dxe4 8.
dxe4 Nf6 9. h3 Nc6 10. e5 Nd7 11. Qe2 Nd4 12. Nxd4 Bxd4 13. Nf3 Bc5 14. Bf4 c6
15. Rad1 Qb6 16. c3 h6 17. h4 Re8 18. h5 f6 19. Rd2 fxe5 20. Nxe5 Nxe5 21. Bxe5
Be7 22. Be4 Qb5 23. Bd3 Qc5 24. Qe4 Bf8 25. Qh7+ Kf7 26. Bg6+ 1-0

[Event "Olimpiada Dresden 2008 Femenina"]
[Site "Dresden GER"]
[Date "2008.11.16"]
[Round "4.41"]
[White "Munoz, Dorisbel"]
[Black "Fairley, Natasha"]
[Result "1-0"]
[WhiteElo "1917"]
[BlackElo "1803"]
[PlyCount "73"]
[EventDate "2008.11.13"]
[EventType "team-tourn"]
[EventRounds "11"]
[EventCountry "GER"]
[Source "lmi"]
[SourceDate "2008.11.13"]
[WhiteTeam "República Dominicana"]
[BlackTeam "Nueva Zelanda"]
[WhiteTeamCountry "DOM"]
[BlackTeamCountry "NZL"]

1. e4 e5 2. Nf3 Nc6 3. Bc4 Nf6 4. d3 Bc5 5. c3 Bb6 6. Bg5 d6 7. Nbd2 h6 8. Bh4
a6 9. h3 Na5 10. O-O O-O 11. Re1 c6 12. d4 Bc7 13. Bf1 b5 14. a4 Rb8 15. b4 Nb7
16. axb5 axb5 17. c4 Bd7 18. Nb3 Qe7 19. Bxf6 gxf6 20. c5 Kh7 21. Nh4 Rg8 22.
Nf5 Bxf5 23. exf5 dxc5 24. dxc5 Rbd8 25. Qf3 Rc8 26. Qxc6 Nd8 27. Qxb5 e4 28.
Qe2 Qe5 29. g3 Qc3 30. Nd2 Qxb4 31. Nxe4 Be5 32. Rab1 Qd4 33. Red1 Qa4 34. Bg2
Rg7 35. Qd2 Qa6 36. Rb6 Qa5 37. Qxa5 1-0

[Event "Olimpiada Dresden 2008 Femenina"]
[Site "Dresden GER"]
[Date "2008.11.16"]
[Round "4.42"]
[White "Melnik, Galina"]
[Black "Ramirez, M Eugenia"]
[Result "1-0"]
[WhiteElo "2062"]
[BlackElo "2016"]
[PlyCount "138"]
[EventDate "2008.11.13"]
[EventType "team-tourn"]
[EventRounds "11"]
[EventCountry "GER"]
[Source "lmi"]
[SourceDate "2008.11.13"]
[WhiteTeam "Rusia"]
[BlackTeam "Bolivia"]
[WhiteTeamCountry "RUS"]
[BlackTeamCountry "BOL"]

1. d4 Nf6 2. Nf3 c5 3. d5 e6 4. c4 exd5 5. cxd5 d6 6. Nc3 g6 7. e4 Bg7 8. Be2
O-O 9. Nd2 Re8 10. O-O Na6 11. Re1 Nc7 12. Qc2 a6 13. a4 Rb8 14. a5 Nd7 15. Nc4
Qe7 16. f4 Nb5 17. Nxb5 axb5 18. Nd2 c4 19. Ra3 Nc5 20. Bf1 f5 21. e5 dxe5 22.
fxe5 Bxe5 23. Nf3 Ne4 24. Nxe5 Qxe5 25. Be3 Rd8 26. b3 Qd6 27. Raa1 cxb3 28.
Qxb3 Qxd5 29. Qb4 Be6 30. Red1 Qxd1 31. Rxd1 Rxd1 32. Qxb5 Rbd8 33. Bh6 Bd5 34.
Qb2 Kf7 35. Qc2 Bc6 36. g3 R8d5 37. Qb2 R5d4 38. Qb3+ Ke7 39. Qb6 Rd7 40. a6
Ra1 41. axb7 Bxb7 42. Qb4+ Kd8 43. Qf8+ Kc7 44. Bf4+ Kc6 45. Kg2 Ra2+ 46. Kh3
Nf2+ 47. Kh4 Ne4 48. h3 Ra4 49. g4 fxg4 50. hxg4 Kb6 51. Qe8 Bc6 52. Qb8+ Bb7
53. Be3+ Nc5 54. Qe5 Rd5 55. Qb2+ Kc7 56. Bg2 g5+ 57. Kh5 Rd6 58. Bxc5 Bxg2 59.
Bxd6+ Kxd6 60. Qxg2 Ra5 61. Kh6 Re5 62. Kxh7 Re7+ 63. Kg6 Re5 64. Qg3 Ke6 65.
Qxe5+ Kxe5 66. Kxg5 Ke6 67. Kg6 Ke7 68. Kg7 Ke6 69. g5 Kd5 1-0

[Event "Olimpiada Dresden 2008 Femenina"]
[Site "Dresden GER"]
[Date "2008.11.16"]
[Round "4.42"]
[White "Barrenechea, Stefanie"]
[Black "Zykina, Nadezhda"]
[Result "1-0"]
[WhiteElo "1978"]
[BlackElo "2108"]
[PlyCount "108"]
[EventDate "2008.11.13"]
[EventType "team-tourn"]
[EventRounds "11"]
[EventCountry "GER"]
[Source "lmi"]
[SourceDate "2008.11.13"]
[WhiteTeam "Bolivia"]
[BlackTeam "Rusia"]
[WhiteTeamCountry "BOL"]
[BlackTeamCountry "RUS"]

1. e4 e5 2. Nf3 Nc6 3. Bc4 d6 4. d4 Be7 5. dxe5 dxe5 6. Bd5 Qd6 7. Nbd2 Bg4 8.
h3 Bxf3 9. Qxf3 Nf6 10. Nc4 Qc5 11. Bxc6+ Qxc6 12. Nxe5 Qxc2 13. O-O Qxe4 14.
Qxe4 Nxe4 15. Re1 Nf6 16. Bg5 O-O 17. Rac1 Bb4 18. Red1 Ne4 19. Rd4 Nxg5 20.
Rxb4 f6 21. Ng4 b6 22. Rxc7 Rfd8 23. Ne3 Ne6 24. Re7 Re8 25. Rxe8+ Rxe8 26. Ra4
Re7 27. Rc4 Rd7 28. Rc8+ Kf7 29. Ra8 g6 30. g3 Ke7 31. Kg2 Kd6 32. Kf3 Nd4+ 33.
Ke4 Ne6 34. h4 Nc5+ 35. Kf3 Nd3 36. Nc4+ Kd5 37. Rc8 Ne5+ 38. Nxe5 Kxe5 39. Ke3
Kf5 40. Re8 Kg4 41. Re4+ Kh3 42. h5 g5 43. Re6 Rf7 44. Kf3 f5 45. h6 f4 46. g4
Rd7 47. Re5 Kh4 48. Re1 Rd3+ 49. Ke4 Rd2 50. Kf3 Rd3+ 51. Ke4 Rd2 52. f3 Kg3
53. Rc1 Re2+ 54. Kf5 Kxf3 1-0

[Event "Olimpiada Dresden 2008 Femenina"]
[Site "Dresden GER"]
[Date "2008.11.16"]
[Round "4.42"]
[White "Jennitha, Anto K"]
[Black "Solis, Gabriela"]
[Result "1-0"]
[WhiteElo "1998"]
[BlackElo "1929"]
[PlyCount "103"]
[EventDate "2008.11.13"]
[EventType "team-tourn"]
[EventRounds "11"]
[EventCountry "GER"]
[Source "lmi"]
[SourceDate "2008.11.13"]
[WhiteTeam "India"]
[BlackTeam "Bolivia"]
[WhiteTeamCountry "IND"]
[BlackTeamCountry "BOL"]

1. e4 d5 2. exd5 Qxd5 3. Nc3 Qa5 4. d4 Nf6 5. Nf3 c6 6. Bc4 Bf5 7. Bd2 Qc7 8.
Bb3 e6 9. Qe2 Be7 10. O-O-O Nbd7 11. Ne5 Bd6 12. g4 Bg6 13. f4 Bxe5 14. dxe5
Ng8 15. f5 exf5 16. e6 fxe6 17. Bxe6 O-O-O 18. gxf5 Be8 19. Bg5 Ngf6 20. Bxf6
gxf6 21. Rd2 h5 22. h4 Rh7 23. Qf2 Kb8 24. Rhd1 Re7 25. Ne4 Bf7 26. Nc5 Be8 27.
Ne4 Qe5 28. Qd4 Qf4 29. Nxf6 Qc7 30. Ne4 Bf7 31. Qd6 Qxd6 32. Rxd6 Kc7 33. Ng5
Bg8 34. Ne4 b6 35. c4 Bf7 36. b4 Bg8 37. Rxd7+ Rexd7 38. Rxd7+ Rxd7 39. Bxd7
Bxc4 40. Be6 Bd3 41. Ng3 Kd6 42. Nxh5 Ke5 43. Ng3 Kf6 44. Kd2 Bb1 45. Ke3 a6
46. Kf4 c5 47. bxc5 bxc5 48. Bc4 Kg7 49. Kg5 a5 50. f6+ Kh8 51. Nf5 Kh7 52. f7
1-0

[Event "Olimpiada Dresden 2008 Femenina"]
[Site "Dresden GER"]
[Date "2008.11.16"]
[Round "4.44"]
[White "Zsiltzova-Lisenko, Lubov"]
[Black "Sammalvuo, Niina"]
[Result "1/2-1/2"]
[WhiteElo "2265"]
[BlackElo "2248"]
[PlyCount "144"]
[EventDate "2008.11.13"]
[EventType "team-tourn"]
[EventRounds "11"]
[EventCountry "GER"]
[Source "lmi"]
[SourceDate "2008.11.13"]
[WhiteTeam "Ucrania"]
[BlackTeam "Finlandia"]
[WhiteTeamCountry "UKR"]
[BlackTeamCountry "FIN"]

1. e4 e5 2. Nf3 Nc6 3. Bb5 a6 4. Bxc6 dxc6 5. O-O f6 6. d4 exd4 7. Nxd4 c5 8.
Nb3 Qxd1 9. Rxd1 Bg4 10. f3 Be6 11. Be3 b6 12. Nc3 Bd6 13. a4 Ne7 14. a5 Be5
15. axb6 cxb6 16. f4 Bxc3 17. bxc3 Nc8 18. f5 Bd7 19. Bf4 a5 20. Nd2 Ra7 21.
Nc4 O-O 22. Rab1 a4 23. Bb8 Rb7 24. Bd6 Nxd6 25. Rxd6 Rfb8 26. Rbd1 Be8 27. Kf2
b5 28. Ne3 Kf8 29. Nd5 Rd7 30. Ra6 Rdd8 31. Rb1 Bf7 32. c4 bxc4 33. Rxb8 Rxb8
34. Nb6 Be8 35. Nxa4 Bxa4 36. Rxa4 Rb4 37. Ra8+ Ke7 38. Ke3 c3 39. Ra7+ Kf8 40.
Rc7 Rc4 41. g4 h6 42. h4 Kg8 43. Rc6 Kf7 44. Kf4 Kf8 45. Rc7 Kg8 46. Ke3 Kf8
47. Rd7 Kg8 48. Kd3 Ra4 49. Rd5 Ra1 50. Rxc5 Rg1 51. Rxc3 Rxg4 52. Kd4 Rxh4 53.
Rc8+ Kf7 54. Rc7+ Kg8 55. c4 Rh1 56. c5 Rd1+ 57. Ke3 h5 58. c6 Rc1 59. Rc8+ Kf7
60. c7 Ke7 61. Kf3 Kd7 62. Rg8 Rxc7 63. Rxg7+ Kd6 64. Rg8 Rh7 65. Re8 h4 66.
Re6+ Kc5 67. Kg2 h3+ 68. Kh2 Kd4 69. Re8 Rh4 70. Re6 Rh7 71. Re8 Rh4 72. Re6
Rh7 1/2-1/2

[Event "Olimpiada Dresden 2008 Femenina"]
[Site "Dresden GER"]
[Date "2008.11.16"]
[Round "4.44"]
[White "Debowska, Teresa"]
[Black "Puuska, Heini"]
[Result "0-1"]
[WhiteElo "1916"]
[BlackElo "2002"]
[PlyCount "156"]
[EventDate "2008.11.13"]
[EventType "team-tourn"]
[EventRounds "11"]
[EventCountry "GER"]
[Source "lmi"]
[SourceDate "2008.11.13"]
[WhiteTeam "Polonia"]
[BlackTeam "Finlandia"]
[WhiteTeamCountry "POL"]
[BlackTeamCountry "FIN"]

1. e4 e6 2. d4 d5 3. Nd2 Nf6 4. e5 Nfd7 5. c4 c5 6. dxc5 Nxe5 7. cxd5 Qxd5 8.
b4 Nd3+ 9. Bxd3 Qe5+ 10. Ne2 Qxa1 11. a3 Be7 12. O-O Qe5 13. Qc2 Nc6 14. Nc4
Qh5 15. Bb2 O-O 16. b5 Nd8 17. Ne5 f5 18. Ng3 Qe8 19. a4 Bf6 20. Be2 Nf7 21. f4
Nxe5 22. fxe5 Bg5 23. Qb3 Kh8 24. Nh5 Qe7 25. Qc3 Rd8 26. Nf4 Bxf4 27. Rxf4 Bd7
28. Rd4 Be8 29. Rd6 Rac8 30. Qd4 Qc7 31. Ba3 a6 32. Bb4 axb5 33. axb5 Ra8 34.
h3 h6 35. Bc4 Bf7 36. Bb3 Qc8 37. Kh2 Rxd6 38. exd6 e5 39. Qb2 Bxb3 40. Qxb3
Qd7 41. Qc4 Rc8 42. Ba5 e4 43. Bc3 b6 44. Bb4 bxc5 45. Bxc5 e3 46. Qb4 e2 47.
Bf2 Re8 48. b6 Rd8 49. Bg3 Rb8 50. Qa5 Rb7 51. Qb4 Kh7 52. Qc5 Kh8 53. Qe3 e1=Q
54. Qxe1 Rxb6 55. Qe5 Rb5 56. Qd4 Rb7 57. Qe5 Rb5 58. Qe7 Rb7 59. Qxd7 Rxd7 60.
Be5 Kg8 61. Kg3 Kf7 62. h4 g5 63. Kf3 Ke6 64. Bh2 Rb7 65. hxg5 hxg5 66. Bg1
Kxd6 67. Bd4 Rb3+ 68. Kf2 Ke6 69. Bg7 f4 70. Bd4 Kf5 71. Kg1 g4 72. Kh2 g3+ 73.
Kh1 Ke4 74. Bg1 f3 75. gxf3+ Kxf3 76. Bc5 Rb5 77. Bd4 g2+ 78. Kh2 Rh5+ 0-1

[Event "Olimpiada Dresden 2008 Femenina"]
[Site "Dresden GER"]
[Date "2008.11.16"]
[Round "4.44"]
[White "Walta, Paivi"]
[Black "Fries, Elisabeth"]
[Result "1-0"]
[WhiteElo "1824"]
[BlackElo "1738"]
[PlyCount "57"]
[EventDate "2008.11.13"]
[EventType "team-tourn"]
[EventRounds "11"]
[EventCountry "GER"]
[Source "lmi"]
[SourceDate "2008.11.13"]
[WhiteTeam "Finlandia"]
[BlackTeam "Alemania"]
[WhiteTeamCountry "FIN"]
[BlackTeamCountry "GER"]

1. e4 c6 2. d4 d5 3. exd5 cxd5 4. c4 Nf6 5. Nc3 e6 6. Nf3 Nc6 7. cxd5 Nxd5 8.
Be2 Be7 9. O-O O-O 10. Qd2 Re8 11. Rd1 a6 12. a3 b5 13. Ne4 f6 14. Qc2 Bb7 15.
Nc5 Bxc5 16. dxc5 Qe7 17. b4 Rac8 18. Bd3 f5 19. Re1 Qf6 20. Bb2 Qh6 21. Qb3
Nf4 22. Bxf5 Kf8 23. Be4 Rcd8 24. Qc2 Kg8 25. Rad1 Rxd1 26. Rxd1 Re7 27. Rd6
Rc7 28. Qd2 Rc8 29. Rd7 1-0

[Event "Olimpiada Dresden 2008 Femenina"]
[Site "Dresden GER"]
[Date "2008.11.16"]
[Round "4.45"]
[White "Shabanaj, Eglantina"]
[Black "Al-Omari, Dalya"]
[Result "1-0"]
[WhiteElo "2093"]
[BlackElo "2109"]
[PlyCount "97"]
[EventDate "2008.11.13"]
[EventType "team-tourn"]
[EventRounds "11"]
[EventCountry "GER"]
[Source "lmi"]
[SourceDate "2008.11.13"]
[WhiteTeam "Albania"]
[BlackTeam "Irak"]
[WhiteTeamCountry "ALB"]
[BlackTeamCountry "IRQ"]

1. d4 Nf6 2. c4 e6 3. Nf3 b6 4. g3 Bb7 5. Bg2 Bb4+ 6. Nbd2 O-O 7. O-O Re8 8. a3
Bf8 9. Qc2 d5 10. b4 Nbd7 11. Rb1 g6 12. Ne5 Nxe5 13. dxe5 Nd7 14. f4 c5 15.
cxd5 exd5 16. Qa2 cxb4 17. axb4 a5 18. b5 Nc5 19. Ba3 Qd7 20. Rfd1 Qe6 21. Nf3
d4 22. Qxe6 Nxe6 23. Bxf8 Kxf8 24. Nxd4 Bxg2 25. Nxe6+ Rxe6 26. Kxg2 Re7 27.
Ra1 Rc7 28. Rd6 Rb8 29. Rb1 Ke7 30. Kf3 Rc5 31. Rb3 a4 32. Ra3 Rxb5 33. Rxa4
Rb7 34. Ra8 Rc5 35. Rh8 h5 36. Rdd8 Rc3+ 37. e3 f5 38. Rd6 Rcc7 39. Rxg6 Kf7
40. Rxb6 Rxb6 41. Rh7+ Kg6 42. Rxc7 Ra6 43. Rd7 Ra1 44. Rd6+ Kg7 45. Rf6 Rf1+
46. Kg2 Re1 47. Kf2 Rh1 48. h4 Rh2+ 49. Kf3 1-0

[Event "Olimpiada Dresden 2008 Femenina"]
[Site "Dresden GER"]
[Date "2008.11.16"]
[Round "4.45"]
[White "Qane, Chnar"]
[Black "Pasko, Roela"]
[Result "1/2-1/2"]
[WhiteElo "1913"]
[BlackElo "1883"]
[PlyCount "130"]
[EventDate "2008.11.13"]
[EventType "team-tourn"]
[EventRounds "11"]
[EventCountry "GER"]
[Source "lmi"]
[SourceDate "2008.11.13"]
[WhiteTeam "Irak"]
[BlackTeam "Albania"]
[WhiteTeamCountry "IRQ"]
[BlackTeamCountry "ALB"]

1. d4 Nf6 2. c4 g6 3. Nc3 d6 4. Nf3 Bg7 5. e4 Bg4 6. Be2 O-O 7. O-O Nbd7 8. Be3
c6 9. Qb3 Qc7 10. Rac1 a6 11. h3 Bxf3 12. Bxf3 e5 13. dxe5 Nxe5 14. Be2 c5 15.
Rfd1 Nc6 16. Qc2 Rfe8 17. Qb1 Rad8 18. Nd5 Nxd5 19. cxd5 Nb8 20. b4 b6 21. a4
Qe7 22. Bf3 Nd7 23. bxc5 bxc5 24. Qb7 Ra8 25. Bg4 Nf6 26. Qxe7 Rxe7 27. f3 h5
28. Bf4 Ne8 29. Bg5 Rc7 30. Bxh5 gxh5 31. Rb1 Bd4+ 32. Kf1 f6 33. Bh4 Raa7 34.
Rb6 Rcb7 35. Rdb1 Rxb6 36. Rxb6 Kf7 37. Bf2 Bxf2 38. Kxf2 Ke7 39. g4 Ng7 40.
Kg3 Kd7 41. gxh5 Nxh5+ 42. Kg4 Ng7 43. h4 c4 44. Rb1 c3 45. Rc1 Rc7 46. h5 Ne6
47. dxe6+ Kxe6 48. h6 Kf7 49. Kf4 Kg6 50. h7 Kxh7 51. Kf5 Kg7 52. Ke6 Rc4 53.
Kxd6 Kg6 54. Kd5 Rc8 55. f4 Rd8+ 56. Kc4 Kh5 57. Rxc3 Kg4 58. e5 fxe5 59. fxe5
Kf5 60. Kb4 Kxe5 61. Ka5 Ra8 62. Kb6 a5 63. Kb7 Rd8 64. Rh3 Kd4 65. Rh5 Ke4
1/2-1/2

[Event "Olimpiada Dresden 2008 Femenina"]
[Site "Dresden GER"]
[Date "2008.11.16"]
[Round "4.46"]
[White "Nekrasova, Elena"]
[Black "Segarra Choer, Tammy"]
[Result "1/2-1/2"]
[WhiteElo "2091"]
[BlackElo "1819"]
[PlyCount "80"]
[EventDate "2008.11.13"]
[EventType "team-tourn"]
[EventRounds "11"]
[EventCountry "GER"]
[Source "lmi"]
[SourceDate "2008.11.13"]
[WhiteTeam "Líbano"]
[BlackTeam "Puerto Rico"]
[WhiteTeamCountry "LBN"]
[BlackTeamCountry "PUR"]

1. e4 d6 2. d4 Nf6 3. Nc3 g6 4. g3 Bg7 5. Bg2 O-O 6. Nge2 Nbd7 7. h3 c5 8. Be3
Rb8 9. a4 b6 10. O-O cxd4 11. Bxd4 Bb7 12. g4 Nc5 13. Ng3 e5 14. Be3 Ne6 15.
Qd2 a6 16. g5 Ne8 17. Nge2 Nd4 18. Nxd4 exd4 19. Bxd4 Bxd4 20. Qxd4 Qxg5 21.
Rad1 Nf6 22. f4 Qc5 23. Kh2 Qxd4 24. Rxd4 Rfe8 25. Rxd6 Nxe4 26. Rxb6 Nxc3 27.
Rxb7 Rxb7 28. Bxb7 Nxa4 29. Bxa6 Nxb2 30. Rb1 Na4 31. Bb5 Nc3 32. Bxe8 Nxb1 33.
Kg2 Kf8 34. Ba4 Ke7 35. Bb3 f6 36. Kf3 Kd6 37. Bg8 h6 38. h4 Na3 39. Bb3 Kc5
40. Ke4 Nc4 1/2-1/2

[Event "Olimpiada Dresden 2008 Femenina"]
[Site "Dresden GER"]
[Date "2008.11.16"]
[Round "4.46"]
[White "Pacheco, Hilzandryly"]
[Black "Jalloul, Maya M"]
[Result "1-0"]
[WhiteElo "1952"]
[BlackElo "1889"]
[PlyCount "95"]
[EventDate "2008.11.13"]
[EventType "team-tourn"]
[EventRounds "11"]
[EventCountry "GER"]
[Source "lmi"]
[SourceDate "2008.11.13"]
[WhiteTeam "Puerto Rico"]
[BlackTeam "Líbano"]
[WhiteTeamCountry "PUR"]
[BlackTeamCountry "LBN"]

1. d4 Nf6 2. c4 g6 3. Nc3 Bg7 4. Nf3 d6 5. Bf4 Nbd7 6. e3 h6 7. h3 O-O 8. Be2
c6 9. O-O Nh7 10. e4 e5 11. dxe5 Nxe5 12. Qd2 g5 13. Bg3 Be6 14. b3 Qa5 15. Nd4
Rfe8 16. Rac1 Nf6 17. f4 gxf4 18. Bxf4 Ng6 19. Be3 Bd7 20. Qc2 d5 21. b4 Qd8
22. cxd5 cxd5 23. Bd3 dxe4 24. Nxe4 Nxe4 25. Bxe4 Bxd4 26. Bxd4 Bc6 27. Qc4 Nh8
28. Bxc6 bxc6 29. Bxh8 Kxh8 30. Rxf7 Qg5 31. Qc3+ Kg8 32. Qc4 Qe3+ 33. Kh1
Qxc1+ 34. Qxc1 Kxf7 35. Qxh6 Re6 36. Qh7+ Kf6 37. Kh2 a6 38. Qb7 Rg8 39. Qxa6
Ke7 40. Qc4 Reg6 41. g4 Kd7 42. a4 Rg5 43. Kg3 R8g7 44. h4 R5g6 45. Qd4+ Kc7
46. h5 Rg5 47. Kh4 Rg8 48. Qf4+ 1-0

[Event "Olimpiada Dresden 2008 Femenina"]
[Site "Dresden GER"]
[Date "2008.11.16"]
[Round "4.46"]
[White "Mouradian, Suzan"]
[Black "Basem-Hassan, Miriam"]
[Result "0-1"]
[WhiteElo "1828"]
[BlackElo "1935"]
[PlyCount "110"]
[EventDate "2008.11.13"]
[EventType "team-tourn"]
[EventRounds "11"]
[EventCountry "GER"]
[Source "lmi"]
[SourceDate "2008.11.13"]
[WhiteTeam "Líbano"]
[BlackTeam "Puerto Rico"]
[WhiteTeamCountry "LBN"]
[BlackTeamCountry "PUR"]

1. e4 c5 2. Nf3 e6 3. d4 cxd4 4. Nxd4 a6 5. Nc3 Qc7 6. Be3 Nf6 7. Bd3 b5 8. O-O
Bb7 9. f3 Bc5 10. Bf2 O-O 11. Nce2 d5 12. exd5 Bxd5 13. Qe1 Nbd7 14. Nc3 Bb7
15. Ne4 Bxe4 16. Bxe4 Nxe4 17. Qxe4 Nf6 18. Qe2 Rfd8 19. c3 Bd6 20. h3 Bc5 21.
Nc2 Bxf2+ 22. Qxf2 Rd7 23. Rad1 Rad8 24. Rxd7 Rxd7 25. Nd4 Qc4 26. a3 a5 27.
Re1 b4 28. axb4 axb4 29. Ra1 h6 30. Ra4 Qc5 31. Rxb4 e5 32. Rb5 Qc7 33. Nf5 g6
34. Rc5 Qb8 35. Ne3 e4 36. b4 Rd3 37. f4 Kg7 38. Rc6 Qb5 39. Rc5 Qa4 40. f5 g5
41. b5 Qa3 42. Rc6 Qc1+ 43. Nf1 Rd1 44. Rc5 Nd5 45. f6+ Kg6 46. Rxd5 Rxd5 47.
c4 Qxc4 48. b6 Rd1 49. g4 Qd5 50. Kh2 Rb1 51. Ng3 Qe5 52. Qf5+ Qxf5 53. gxf5+
Kxf6 54. Nxe4+ Kxf5 55. b7 Kxe4 0-1

[Event "Olimpiada Dresden 2008 Femenina"]
[Site "Dresden GER"]
[Date "2008.11.16"]
[Round "4.47"]
[White "Munoz, Carolina"]
[Black "Gonzalez, Yaribeth"]
[Result "1-0"]
[WhiteElo "2026"]
[BlackElo "1912"]
[PlyCount "126"]
[EventDate "2008.11.13"]
[EventType "team-tourn"]
[EventRounds "11"]
[EventCountry "GER"]
[Source "lmi"]
[SourceDate "2008.11.13"]
[WhiteTeam "Costa Rica"]
[BlackTeam "Panamá"]
[WhiteTeamCountry "CRI"]
[BlackTeamCountry "PAN"]

1. Nf3 Nf6 2. c4 g6 3. Nc3 Bg7 4. e4 d6 5. d4 O-O 6. Be2 e5 7. O-O Nc6 8. d5
Ne7 9. Ne1 Ne8 10. Be3 f5 11. f3 f4 12. Bf2 g5 13. c5 Ng6 14. Rc1 Rf7 15. cxd6
cxd6 16. Nb5 h5 17. Nxa7 Bd7 18. Qb3 g4 19. Kh1 g3 20. Bg1 Bf8 21. Qb6 Qg5 22.
Qxb7 Rd8 23. Nc6 Bxc6 24. Qxc6 Rc7 25. Qxc7 Nxc7 26. Rxc7 Ra8 27. a3 gxh2 28.
Bf2 Qd8 29. Rc2 Be7 30. Nd3 Bh4 31. Rc6 Bxf2 32. Rxf2 Ne7 33. Rc2 Kf7 34. Kxh2
Qg8 35. Kg1 h4 36. Kf1 Qd8 37. Nb4 Qb6 38. Bd3 Rg8 39. Rc3 Rg3 40. Ba6 Ng6 41.
Bc8 Qd4 42. Ke1 Kf6 43. Rd3 Qb6 44. Rc3 Ne7 45. Bg4 Rxg4 46. fxg4 Kg5 47. Nc6
Ng8 48. a4 Nf6 49. a5 Qa6 50. Re2 Nxg4 51. b4 Qb5 52. Kd2 Qa4 53. Rc1 Ne3 54.
Ke1 Qa3 55. Rb1 Qc3+ 56. Kf2 Ng4+ 57. Kf1 f3 58. Reb2 Qd3+ 59. Kg1 f2+ 60. Rxf2
Qxb1+ 61. Rf1 Qxe4 62. a6 Qe3+ 63. Kh1 Qg3 1-0

[Event "Olimpiada Dresden 2008 Femenina"]
[Site "Dresden GER"]
[Date "2008.11.16"]
[Round "4.47"]
[White "Barria, Raisa"]
[Black "Da Bosco, Carla"]
[Result "*"]
[WhiteElo "1850"]
[BlackElo "1966"]
[PlyCount "81"]
[EventDate "2008.11.13"]
[EventType "team-tourn"]
[EventRounds "11"]
[EventCountry "GER"]
[Source "lmi"]
[SourceDate "2008.11.13"]
[WhiteTeam "Panamá"]
[BlackTeam "Costa Rica"]
[WhiteTeamCountry "PAN"]
[BlackTeamCountry "CRI"]

1. Nf3 d5 2. d4 Nf6 3. Bg5 Ne4 4. Bh4 c6 5. e3 Qb6 6. Qc1 Bf5 7. Be2 Nd7 8. O-O
e6 9. c4 dxc4 10. Nfd2 g5 11. Nxc4 Qc7 12. Bg3 Nxg3 13. hxg3 Be7 14. Nc3 Nb6
15. e4 Bg6 16. Qe3 Nxc4 17. Bxc4 h5 18. e5 g4 19. Rac1 Qd8 20. Ne2 h4 21. Nf4
Bf5 22. Bd3 Bxd3 23. Qxd3 Bg5 24. Qe4 Qd7 25. gxh4 Rxh4 26. g3 Rh6 27. Rcd1
O-O-O 28. Ne2 Rdh8 29. Nc3 Rg6 30. Kg2 Bd8 31. Rh1 Qe8 32. Rxh8 Qxh8 33. Rh1
Qg7 34. b4 Rh6 35. Rxh6 Qxh6 36. Qxg4 Qd2 37. Ne4 Qxb4 38. Nd6+ Kd7 39. Qg8 Kc7
40. Qxf7+ Kb8 41. Qxe6 *

[Event "Olimpiada Dresden 2008 Femenina"]
[Site "Dresden GER"]
[Date "2008.11.17"]
[Round "5.1"]
[White "Zhao, Xue"]
[Black "Rajlich, Iweta"]
[Result "1-0"]
[WhiteElo "2518"]
[BlackElo "2404"]
[PlyCount "60"]
[EventDate "2008.11.13"]
[EventType "team-tourn"]
[EventRounds "11"]
[EventCountry "GER"]
[Source "lmi"]
[SourceDate "2008.11.13"]
[WhiteTeam "China"]
[BlackTeam "Polonia"]
[WhiteTeamCountry "CHN"]
[BlackTeamCountry "POL"]

1. d4 d5 2. c4 dxc4 3. Nf3 a6 4. e3 b5 5. a4 Bb7 6. b3 e6 7. bxc4 bxc4 8. Bxc4
Nf6 9. Nc3 Nc6 10. a5 Bb4 11. Qb3 Nd5 12. O-O Nxc3 13. Bd2 Nxa5 14. Qxb4 Nxc4
15. Qxb7 Qd5 16. Qb4 Ne4 17. Qa4+ c6 18. Bb4 f6 19. Rfc1 Kf7 20. Bc5 Ncd2 21.
Nxd2 Nxd2 22. Qb4 Ne4 23. Qb7+ Kg6 24. f3 Nxc5 25. Rxc5 Rhb8 26. Qxb8 Rxb8 27.
Rxd5 cxd5 28. Rxa6 Kf7 29. Ra7+ Kf8 30. Ra2 Ke7 1-0